LEADER 03181nam 2200613 450 001 9910785105703321 005 20230125204249.0 010 $a1-60807-130-8 035 $a(CKB)2670000000054348 035 $a(EBL)617502 035 $a(OCoLC)688626733 035 $a(SSID)ssj0000423171 035 $a(PQKBManifestationID)12145189 035 $a(PQKBTitleCode)TC0000423171 035 $a(PQKBWorkID)10438915 035 $a(PQKB)10534899 035 $a(Au-PeEL)EBL617502 035 $a(CaPaEBR)ebr10430896 035 $a(CaBNVSL)mat09100410 035 $a(IEEE)9100410 035 $a(MiAaPQ)EBC617502 035 $a(EXLCZ)992670000000054348 100 $a20200729d2010 uy 101 0 $aeng 135 $aur|n|---||||| 181 $ctxt 182 $cc 183 $acr 200 10$aMicrowave network design using the scattering matrix /$fJanusz A. Dobrowolski 210 1$aBoston :$cArtech House,$dİ2010. 210 2$a[Piscataqay, New Jersey] :$cIEEE Xplore,$d[2010] 215 $a1 online resource (286 p.) 225 1 $aArtech House microwave library 300 $aDescription based upon print version of record. 311 $a1-60807-129-4 320 $aIncludes bibliographical references and index. 327 $a1. Introduction -- 2. Theory of uniform waveguides -- 3. Theory of transmission lines -- 4. Wave variables and the scattering matrix -- 5. Signal analysis of multiport networks -- 6. Mode wave variables and mixed mode scattering matrix of differential networks -- 7. Noise wave variables and the scattering matrix -- 8. Noise analysis of multiport networks -- 9. Scattering functions in nonlinear modeling of microwave devices. 330 3 $aThis authoritative resource provides you with comprehensive and detailed coverage of the wave approach to microwave network characterization, analysis, and design using scattering parameters. For the first time in any book, all aspects and approaches to wave variables and the scattering matrix are explored. The book compares and contrasts voltage waves, travelling waves, pseudo waves, and power waves, and explains the differences between real scattering parameters, pseudo scattering parameters, and power scattering parameters. You find important discussions on standard scattering matrices and wave quantities, mixed mode wave variables, and noise wave variables with noise wave correlation matrices. Moreover, the book presents clear methods for standard single ended multiport network design and noise analysis. This in-depth reference is packed with over 1,100 equations and numerous illustrations.$cPublisher abstract. 410 0$aArtech House microwave library. 606 $aS-matrix theory 606 $aScattering (Physics) 606 $aMicrowave circuits 615 0$aS-matrix theory. 615 0$aScattering (Physics) 615 0$aMicrowave circuits. 676 $a621.3813 700 $aDobrowolski$b Janusz$01474611 801 0$bCaBNVSL 801 1$bCaBNVSL 801 2$bCaBNVSL 906 $aBOOK 912 $a9910785105703321 996 $aMicrowave network design using the scattering matrix$93688389 997 $aUNINA LEADER 04883nam 22006375 450 001 9911049194403321 005 20260102123000.0 010 $a981-9522-08-0 024 7 $a10.1007/978-981-95-2208-8 035 $a(CKB)44770147400041 035 $a(MiAaPQ)EBC32470310 035 $a(Au-PeEL)EBL32470310 035 $a(DE-He213)978-981-95-2208-8 035 $a(OCoLC)1573147843 035 $a(EXLCZ)9944770147400041 100 $a20260102d2025 u| 0 101 0 $aeng 135 $aur||||||||||| 181 $ctxt$2rdacontent 182 $cc$2rdamedia 183 $acr$2rdacarrier 200 10$aAdvances in Civil Engineering: Sustainable and Cost-Effective Approaches $eSelect Proceedings of RISCE 2024 /$fedited by Sanjay Kumar Shukla, Sumit Kumar, Jitu Kujur 205 $a1st ed. 2025. 210 1$aSingapore :$cSpringer Nature Singapore :$cImprint: Springer,$d2025. 215 $a1 online resource (368 pages) 225 1 $aLecture Notes in Civil Engineering,$x2366-2565 ;$v757 311 08$a981-9522-07-2 327 $aSeepage analysis of soil nail reinforced embankment resting on soft soil -- Application Of Waste Plastic in Alluvial Soil Stabilisation for A Sustainable Pavement Construction -- Innovative Approaches to Soil Slope Design with Soil Nailing Technology -- An Evaluation of The Compaction Characteristics of a South African Silty Sand Improved by Waste Plastic Fibres -- Influence of Vertical Vibration on Geogrid Reinforced Soil -- Stability Of Mine Overburden Dump Slope Considering Vegetation Impact -- Assessment of Fly Ash Impact on Soil Water Retention, using an Arduino-Based monitoring system -- Seismic Analysis of Power Transmission Tower-Line System -- Evaluating Stone Dust as a Sustainable Alternative to Sand in Concrete -- Experimental Investigation and Comparative Analysis of Properties of Recycled Aggregate Concrete Considering Different Mixing Approaches -- Properties of Concrete Utilizing Recycled Concrete Fine Powder and Treated Recycled Concrete Aggregate: An Experimental Investigation -- Experimental Investigation on Mechanical Properties of Concrete Containing Treated Coarse Aggregates obtained from Hard Rock of Open Coal Mine Dump -- Performance measurement of a landfill mining equipment: A case study -- Spatio-Temporal Analysis of Urban Climate Using LST, NDVI, FISA, and LULC: A 20-Year Case Study of Jaipur, Rajasthan, India (2004-2024) -- Physico-Chemical Assessment of Water Quality in the Open Cast Coal Mining Region of Bhurkunda, Ramgarh, Jharkhand, India -- Comprehensive Assessment and Prediction of Air Quality Trends Using Arima Model -- Sustainable Municipal Solid Waste Management: Addressing Generation, Composition, And Environmental Concerns -- Optimum Replacement of Coarse Aggregates with E-Waste Ceramics for a Rigid Pavement -- Quantitative lifecycle sustainability assessment of asphalt pavement -- Design of circular overhead water tank using staad.pro Software. 330 $aThis book presents select proceedings of the International Conference on Research and Innovation for Sustainability in Civil Engineering ? RISCE 2024. It highlights recent advances in civil engineering with a strong emphasis on sustainable and cost-effective practices. The contributions address key challenges related to environmental concerns such as climate change and global warming. Covered topics include green building design, innovative and sustainable construction materials, efficient resource and project management, eco-friendly transportation systems, water resources management, and the development of resilient and smart infrastructure. This volume serves as a valuable reference for researchers, professionals, and decision-makers engaged in promoting sustainability in civil engineering. 410 0$aLecture Notes in Civil Engineering,$x2366-2565 ;$v757 606 $aSustainable architecture 606 $aBuilding materials 606 $aTransportation engineering 606 $aTraffic engineering 606 $aSustainable Architecture/Green Buildings 606 $aBuilding Materials 606 $aTransportation Technology and Traffic Engineering 615 0$aSustainable architecture. 615 0$aBuilding materials. 615 0$aTransportation engineering. 615 0$aTraffic engineering. 615 14$aSustainable Architecture/Green Buildings. 615 24$aBuilding Materials. 615 24$aTransportation Technology and Traffic Engineering. 676 $a720.47 676 $a696 700 $aShukla$b Sanjay Kumar$0847447 701 $aKumar$b Sumit$01729293 701 $aKujur$b Jitu$01885474 801 0$bMiAaPQ 801 1$bMiAaPQ 801 2$bMiAaPQ 906 $aBOOK 912 $a9911049194403321 996 $aAdvances in Civil Engineering: Sustainable and Cost-Effective Approaches$94531980 997 $aUNINA